000 03423nam0a2200493 4500
001 RU\NLR\BIBL_A\011105623
005 20260408123509.0
020 _aRU
_9От Февраля к Октябрю: коллекция листовок/Рос. нац. б-ка
035 _a(NLR Aleph) 011105623
090 _a11445252
_c11445252
100 _a20160421d1917 |||y0rusy50 ca
101 0 _arus
102 _aRU
105 _ay z 000yy
135 _acrcn 024apada
200 1 _aГраждане! Приближаются важные, исторические дни - дни выборов в Учредительное Собрание...
_e[листовка]
_fРоссийская социал-демократическая рабочая партия
210 _aБелозерск [Новгородская губ.]
_cТип. М. Т. Череповской
_d[1917, сент., после 23 - окт. до 12]
215 _a[1] л.
_d53
225 1 _aПролетарии всех стран, соединяйтесь!
300 _aПеред текстом: № 9. В конце текста: Голосуйте за список № 9
300 _aПодпись: Белозерский Комитет Р. С.-Д. рабочей партии
300 _aКоллекция листовок "От Февраля к Октябрю" (2 экз.)
316 _a2-й экз. деф.: в левом нижнем углу листовки вырван кусок с частичным повреждением наименования места издания
_5NLR
325 1 _aКопия доступна в Электронной библиотеке РНБ
327 1 _aПризыв голосовать на выборах в Учредительное Собрание за Российскую социал-демократическую рабочую партию
517 1 _aПриближаются важные, исторические дни - дни выборов в Учредительное Собрание...
540 1 _aПризыв голосовать на выборах в Учредительное Собрание за Российскую социал-демократическую рабочую партию
540 1 _aГолосуйте за список № 9
540 1 _aОт Февраля к Октябрю
_eлистовки
601 0 2 _aВсероссийское учредительное собрание
_jЛистовки
_xВыборы
_xУчастие политических партий
_z1917
_92277565
_3RU\NLR\AUTH\6601593222
607 _aРоссия
_jЛистовки
_xИстория
_z1917
_92250871
_3RU\NLR\AUTH\661350120
686 0 _aТ3(2)524.2,011
686 0 _aТ3(2)711.29-310,011
686 1 _aФ61(2)257-4,011
711 0 2 _aВсероссийское учредительное собрание
_c1918
_3RU\NLR\AUTH\8810361
_9293323
711 0 2 _aРСДРП
_bБелозерский комитет
_3RU\NLR\AUTH\880425117
_9514759
712 0 2 _4570
_aРСДРП
_3RU\NLR\AUTH\8810005370
_9508101
852 0 0 _aNLR
_bФл
_jXIII/94
942 _cBOOK
980 _aNB
981 4 2 _a(42) 1917: от Февраля к Октябрю
_b(42) Листовки 1917 года